TÜRK HALK ŞİİRİNDEN SEÇMELER (Record no. 1258906)
[ view plain ]
| 000 -LEADER | |
|---|---|
| sabit uzunluktaki kontrol alanı | 00244nam a22000857a 4500 |
| 001 - KONTROL NUMARASI | |
| kontrol alanı | 1258906 |
| 005 - EN SON İŞLEMİN TARİH VE ZAMANI | |
| kontrol alanı | 20260402104215.0 |
| 245 00 - ESER / YAZAR | |
| ESER ADI | TÜRK HALK ŞİİRİNDEN SEÇMELER |
| Yazar Adı | 100 TEMEL ESER |
| 260 1# - YAYIN, DAĞITIM, VB. | |
| YAYIN EVİ | KONYA BÜYÜKŞEHİR BELEDİYESİ KÜLTÜR YAYINLARI |
| Düşüm durumu | Kayıp durumu | Sınıflandırma Kaynağı veya raf şeması | Hasar Durumu | Ödünç verilmez | Ana kütüphane | Geçerli Kütüphane | Edinilen tarih | Toplam ödünç verme sayısı | Tam yer numarası | Barkod | Son görüntüleme tarihi | Son ödünç verme tarihi | Fiyatın geçerli olmaya başladığı tarih | Koha materyal türü |
|---|---|---|---|---|---|---|---|---|---|---|---|---|---|---|
| Dewey Ondalık Sınıflama | ADNAN HADİYE SÜRMEGÖZ ORTAOKULU | ADNAN HADİYE SÜRMEGÖZ ORTAOKULU | 02.04.2026 | 2 | T5 \ 9 | 1059978605312568 | 22.04.2026 | 14.04.2026 | 02.04.2026 | Books |